[Event "Tilburg"]
[Site "Tilburg"]
[Date "1992.??.??"]
[Round "2"]
[White "Sveshnikov, Evgeny"]
[Black "Smyslov, Vassily"]
[Result "1/2-1/2"]
[WhiteElo "2525"]
[BlackElo "2530"]

1.e4 e5 2.Nf3 Nc6 3.d4 exd4 4.Nxd4 Bc5 5.Be3 Qf6 6.c3 Nge7 7.Bc4 Ne5 8.Be2 d5
9.O-O O-O 10.Nd2 Bb6 11.f4 Qh6 12.Kh1 dxe4 13.Nxe4 N5c6 14.Bc4 Nxd4 15.Bxd4 Be6
16.Bxe6 Qxe6 17.Re1 Bxd4 18.Qxd4 Nf5 19.Qc5 Rfe8 20.Qf2  1/2-1/2

[Event "Tilburg"]
[Site "Tilburg"]
[Date "1992.??.??"]
[Round "2"]
[White "Sveshnikov, Evgeny"]
[Black "Adams, Michael"]
[Result "1/2-1/2"]
[WhiteElo "2525"]
[BlackElo "2610"]

1.e4 c6 2.d4 d5 3.exd5 cxd5 4.c4 Nf6 5.Nc3 e6 6.Nf3 Bb4 7.cxd5 Nxd5 8.Qc2 Nc6
9.Be2 O-O 10.O-O Be7 11.Rd1 Nf6 12.a3 Bd7 13.Ne5 Rc8 14.Bf3 Be8 15.Be3 Nd7
16.Nc4 b5 17.Nxb5 Na5 18.b3 Nxc4 19.bxc4 Nb6 20.Nxa7 Rxc4 21.Qe2 Ra4 22.Nb5 Bxb5
23.Qxb5 Rxa3 24.Rxa3 Bxa3 25.Bg5 Qc7 26.g3 Nc8 27.Bf4 Qb6 28.Qd3 Bd6 29.Be3 Qc7
30.Rb1 Ne7 31.Rb7 Qc8 32.Be4 h6 33.Qa6 Nd5 34.Bd2 Nf6 35.Bf3 Rd8 36.Qb5 Rd7
37.Rb6 Bc7 38.Bb7 Qe8 39.Ra6 Rxd4 40.Bc6 Qe7 41.Be3 Rd1+ 42.Kg2 Nd5 43.Ra8+  1/2-1/2

[Event "Tilburg"]
[Site "Tilburg"]
[Date "1992.??.??"]
[Round "2"]
[White "Sokolov, Ivan"]
[Black "Kosten, Anthony C"]
[Result "0-1"]
[WhiteElo "2625"]
[BlackElo "2515"]

1.Nf3 d5 2.d4 Nc6 3.Bg5 Bg4 4.e3 f6 5.Bh4 e6 6.h3 Bxf3 7.Qxf3 Nge7 8.Bg3 Nf5
9.Bf4 Bd6 10.Bd3 Nfe7 11.Qh5+ g6 12.Qh6 Kf7 13.c3 e5 14.dxe5 fxe5 15.Bg3 e4
16.Bxd6 Qxd6 17.Bc2 Nf5 18.Qg5 h6 19.Qg4 Ne5 20.Qf4 Kg7 21.Nd2 Rhf8 22.Qh2 Rae8
23.O-O-O Qa6 24.Nb3 c6 25.Kb1 Re7 26.Rhe1 Nd6 27.f4 exf3 28.gxf3 Rf6 29.Rf1 Nec4
30.Rg1 Qb6 31.Rd4 Ree6 32.e4 Nb5 33.Rdd1 Ne3 34.exd5 cxd5 35.Rde1 Rxf3 36.Bd3 Ref6
37.Bxb5 Qxb5 38.Qd2 Qe8 39.Nd4 Qe4+ 40.Kc1 Rf1 41.Rgxf1 Rxf1 42.Rxf1 Nxf1
43.Qf2 Qe3+ 44.Qxe3 Nxe3 45.Nb5 Kf6 46.Nxa7 Kg5 47.Nc8 Kh4 48.Ne7 g5 49.b3 Kxh3
50.Kd2 Nf1+ 51.Ke1 Kg2 52.Nxd5 h5 53.Nf6 h4 54.a4 h3 55.Ng4 h2  0-1

[Event "Tilburg"]
[Site "Tilburg"]
[Date "1992.??.??"]
[Round "2"]
[White "Serper, Grigory"]
[Black "Smyslov, Vassily"]
[Result "1/2-1/2"]
[WhiteElo "2575"]
[BlackElo "2530"]

1.c4 Nf6 2.Nc3 e5 3.Nf3 Nc6 4.g3 Bb4 5.Nd5 Be7 6.Bg2 d6 7.O-O O-O 8.d3 Nxd5
9.cxd5 Nb4 10.e4 f5 11.a3 fxe4 12.dxe4 Na6 13.Ne1 c6 14.Nd3 cxd5 15.exd5 Bf5
16.Be3 Qd7 17.Qb3 Kh8 18.Rac1 b6 19.Qc4 Nc5 20.Nxc5 bxc5 21.b4 cxb4 22.axb4 a6
23.Qc6 Rfc8 24.Qxd7 Bxd7 25.Rxc8+ Rxc8 26.Ra1 Bb5 27.Bf1 Rb8 28.Bxb5 Rxb5
29.Rxa6 Kg8 30.Rb6 Rxd5 31.Rb7 Kf8 32.Kf1 Rd1+ 33.Ke2 Rb1 34.Kd3 d5 35.Rb5 Kf7
36.Rxd5 Ke6 37.Ra5 Rb3+  1/2-1/2

[Event "Tilburg"]
[Site "Tilburg"]
[Date "1992.??.??"]
[Round "2"]
[White "Rogers, Ian"]
[Black "Short, Nigel D"]
[Result "0-1"]
[WhiteElo "2565"]
[BlackElo "2680"]

1.e4 c5 2.Nf3 Nc6 3.d4 cxd4 4.Nxd4 Nf6 5.Nc3 d6 6.Be2 e5 7.Nb3 h6 8.O-O Be7
9.Kh1 O-O 10.f4 Re8 11.f5 a5 12.Be3 a4 13.Nd2 a3 14.b3 Nd4 15.Bc4 Bd7 16.Nd5 Rc8
17.Rc1 b5 18.Nxf6+ Bxf6 19.Bd5 Rc3 20.Bg1 Qc7 21.Nb1 Rxc2 22.Nxa3 Rxc1 23.Qxc1 Rc8
24.Be3 Qa5 25.Qb2 Qc3 26.Qxc3 Rxc3 27.Bd2 Rd3 28.Ba5 Nxf5 29.Nc2 Ne7 30.Nb4 Rd4
31.Bb7 Bg5 32.Nc2 Rd3 33.Nb4 Rd2 34.h3 Ng6 35.Bb6 Re2 36.Rf2 Re1+ 37.Kh2 h5
38.Nc2 Rc1 39.g3 h4 40.Re2 hxg3+ 41.Kxg3 Bf4+  0-1

[Event "Tilburg"]
[Site "Tilburg"]
[Date "1992.??.??"]
[Round "2"]
[White "Rogers, Ian"]
[Black "Kovacevic, Vlatko"]
[Result "1/2-1/2"]
[WhiteElo "2565"]
[BlackElo "2540"]

1.e4 e6 2.d4 d5 3.exd5 exd5 4.Nf3 Nc6 5.Bb5 Bd6 6.c4 Nf6 7.c5 Be7 8.Bxc6+ bxc6
9.Qa4 O-O 10.O-O Ne4 11.Qxc6 Rb8 12.Nc3 Rb4 13.Bf4 Bb7 14.Qxc7 Rxb2 15.Qxd8 Bxd8
16.Rab1 Rxb1 17.Nxb1 g5 18.Be3 f5 19.Ne5 f4 20.Bd2 Bf6 21.Rc1 Rc8 22.h4 h6
23.hxg5 hxg5 24.Bb4 Bxe5 25.dxe5 Kf7 26.Nd2 Nxd2 27.Bxd2 Ke6 28.f3 d4 29.c6 Bxc6
30.Rc5 Bd7 31.Rxc8 Bxc8 32.Kf2 Kxe5 33.g3 fxg3+ 34.Kxg3 Be6 35.a4 Kd5 36.a5 Kc4
37.Kf2 g4 38.fxg4 Bxg4 39.Ke1  1/2-1/2

[Event "Tilburg"]
[Site "Tilburg"]
[Date "1992.??.??"]
[Round "2"]
[White "Razuvaev, Yuri S"]
[Black "Sokolov, Ivan"]
[Result "0-1"]
[WhiteElo "2565"]
[BlackElo "2625"]

1.d4 Nf6 2.c4 g6 3.Nc3 Bg7 4.e4 d6 5.f3 O-O 6.Be3 a6 7.Qd2 c6 8.h4 e5 9.h5 Nxh5
10.Nge2 exd4 11.Bxd4 Nf6 12.g4 c5 13.Be3 Nc6 14.Ng3 Nd4 15.Be2 Re8 16.Bh6 Bh8
17.Bg5 b5 18.O-O-O Qa5 19.Bxf6 Bxf6 20.Qh6 Be6 21.f4 Nxe2+ 22.Ngxe2 b4 23.e5 dxe5
24.Ne4 Bg7 25.Qxh7+ Kf8 26.f5 Qxa2 27.f6 Qxc4+ 28.Kd2 Red8+ 29.Ke3 Qb3+ 30.Kf2 Bxf6
31.Nxf6 Rxd1 32.Qh8+ Ke7 33.Qxa8 Kxf6 34.Rh7 Qd5  0-1

[Event "Tilburg"]
[Site "Tilburg"]
[Date "1992.??.??"]
[Round "2"]
[White "Pieterse, Gert"]
[Black "Nogueiras, Jesus"]
[Result "0-1"]
[WhiteElo "2390"]
[BlackElo "2570"]

1.d4 d6 2.c4 e5 3.Nf3 e4 4.Ng5 f5 5.f3 Be7 6.Nh3 Nf6 7.Nc3 O-O 8.Nf2 Nc6
9.e3 exf3 10.gxf3 Nh5 11.f4 g6 12.Rg1 Ng7 13.a3 Bh4 14.Be2 Ne7 15.Kf1 c6
16.d5 cxd5 17.cxd5 Bd7 18.a4 a6 19.Nd3 Be8 20.Qb3 Rb8 21.Bd2 Bf7 22.Bf3 Ne8
23.a5 Nc7 24.Nb4 Bf6 25.Rd1 Qd7 26.Be1 Nb5 27.Nxb5 Qxb5+ 28.Be2 Qxa5 29.Nxa6 bxa6
30.Bxa5 Rxb3 31.Bc4 Rxb2 32.Rg2 Rxg2 33.Kxg2 Rc8 34.Bb3  0-1

[Event "Tilburg"]
[Site "Tilburg"]
[Date "1992.??.??"]
[Round "2"]
[White "Novikov, Igor A"]
[Black "Hjartarson, Johann"]
[Result "0-1"]
[WhiteElo "2585"]
[BlackElo "2595"]

1.d4 Nf6 2.c4 d6 3.Nc3 Nbd7 4.Nf3 e5 5.Bg5 Be7 6.e3 O-O 7.Qc2 c6 8.O-O-O Qc7
9.Bd3 Re8 10.h3 Nf8 11.Bh4 b6 12.dxe5 dxe5 13.g4 Bb7 14.Ne4 Nxe4 15.Bxe4 Bxh4
16.Nxh4 g6 17.Nf3 Ne6 18.Nd2 Nc5 19.Bg2 Rad8 20.Ne4 Qe7 21.Nxc5 Qxc5 22.Rxd8 Rxd8
23.Rd1 Rxd1+ 24.Kxd1 h6 25.Qc3 a5 26.a3 Ba6 27.Bf1 Qd6+ 28.Ke1 c5 29.Bg2 Kf8
30.a4 Ke7 31.b3 Bc8 32.Qd2 f5 33.Qxd6+ Kxd6 34.gxf5 Bxf5 35.e4 Be6 36.f3 Ke7
37.Kf2 b5 38.axb5 Bxc4 39.b6 Kd8 40.Ke3 Bxb3 41.Kd2 Kc8 42.f4 exf4 43.e5 Be6
44.Bf3 Bxh3 45.Bd5 g5 46.Kc3 a4 47.Kc4 a3 48.Kb3 f3 49.Bxf3 Be6+ 50.Kxa3 g4
51.Be4 h5 52.Kb2 h4 53.Kc3 g3 54.Kd2 c4 55.Ke3 c3  0-1

[Event "Tilburg"]
[Site "Tilburg"]
[Date "1992.??.??"]
[Round "2"]
[White "Nijboer, Friso"]
[Black "Winants, Luc"]
[Result "0-1"]
[WhiteElo "2485"]
[BlackElo "2505"]

1.e4 e5 2.Nf3 Nc6 3.Bb5 a6 4.Ba4 d6 5.Bxc6+ bxc6 6.d4 Nf6 7.Nc3 Nd7 8.O-O Be7
9.Ne2 O-O 10.Ng3 Re8 11.c3 a5 12.Re1 Bf8 13.Be3 a4 14.Qc2 f6 15.Nd2 d5 16.Rad1 Nb6
17.dxe5 fxe5 18.Bxb6 cxb6 19.exd5 cxd5 20.Nc4 Bg4 21.Rd2 Bc5 22.Nxe5 Qd6
23.Nd3 b5 24.Qc1 Bb6 25.Nb4 Be6 26.Ne4 Qf4 27.g3 Qg4 28.Nd6 Rf8 29.Qd1 Qh3
30.Rd4 Rxf2 31.Kxf2 Bxd4+ 32.Qxd4 Qxh2+ 33.Ke3 Qxg3+ 34.Kd2 Qxd6 35.Rg1 g6
36.Nd3 Bf5 37.Nf4 Re8 38.Kc1 Qe5 39.Qxd5+ Qxd5 40.Nxd5 Kf7 41.Rd1 h5 42.Nc7 Re5
43.Kd2 g5 44.Re1 Rc5 45.Na6 Rd5+ 46.Ke3 Re5+ 47.Kf2 Rxe1 48.Kxe1 h4 49.Nc7 Bd3
50.Kf2 g4 51.Nd5 g3+  0-1

[Event "Tilburg"]
[Site "Tilburg"]
[Date "1992.??.??"]
[Round "2"]
[White "Milos, Gilberto"]
[Black "Rozentalis, Eduardas"]
[Result "1/2-1/2"]
[WhiteElo "2555"]
[BlackElo "2590"]

1.e4 e5 2.Nc3 Nf6 3.Bc4 Nc6 4.d3 Bb4 5.Nf3 O-O 6.O-O Bxc3 7.bxc3 d6 8.Bg5 h6
9.Bh4 Qe7 10.Re1 a6 11.Qc1 Bg4 12.Nd2 g5 13.Bg3 Nh5 14.Nf1 Be6 15.Bb3 Bxb3
16.axb3 Qe6 17.Ne3 Ne7 18.Qd1 Nf4 19.d4 Rad8 20.Qf3 Qg6 21.Rad1 f6 22.Rd2 Rde8
23.Bxf4 gxf4 24.Nc4 Kh8 25.Qh3 Rg8 26.f3 Nc6 27.Nb2 Nd8 28.Nd3 Ne6 29.Kh1 Re7
30.Qf5 Qf7 31.dxe5 fxe5 32.Qxf7 Rxf7 33.Kg1 a5 34.Kf1 h5 35.Ra1 b6 36.Nb2 h4
37.h3 Rfg7 38.Nc4 Rg6 39.Rf2 Kg7 40.Na3 Kf6 41.Nb5 Ke7 42.Rd2 Kd7 43.Ra3 Ng5
44.c4 c6 45.Nc3 Kc7 46.Nd1 Ne6 47.c3 Nc5 48.Rda2 Rg3 49.b4 Nb7 50.Rd2 c5
51.b5 d5 52.cxd5 Nd6 53.Ra4 Nxb5 54.Rb2 Nd6  1/2-1/2

[Event "Tilburg"]
[Site "Tilburg"]
[Date "1992.??.??"]
[Round "2"]
[White "Lutz, Christopher"]
[Black "Epishin, Vladimir"]
[Result "0-1"]
[WhiteElo "2550"]
[BlackElo "2630"]

1.Nf3 d6 2.d4 Bg4 3.e4 Nf6 4.Nc3 e6 5.h3 Bh5 6.Qe2 c6 7.g4 Bg6 8.Bg5 Nbd7
9.Bg2 Be7 10.Nd2 e5 11.Nb3 Nf8 12.Be3 Ne6 13.O-O-O Nd7 14.h4 h6 15.Rd2 Nf4
16.Qf3 Nxg2 17.Qxg2 f6 18.Rhd1 O-O 19.dxe5 Nxe5 20.Bd4 Nc4 21.Re2 b5 22.f4 b4
23.Nb1 Qc8 24.N3d2 Qa6 25.Nxc4 Qxc4 26.b3 Qa6 27.Rh1 c5 28.Bb2 c4 29.bxc4 Qxc4
30.g5 Bh5 31.gxh6 g6 32.Rd2 Kh7 33.Rd4 Qxa2 34.Rd5 Rg8 35.Qh3 f5 36.Qd3 Bf8
37.Rb5 Qf7 38.Qd5 Qxd5 39.exd5 Kxh6 40.Re1 Bg7 41.Re6 a5 42.Rb7 Bf3 43.Rxd6 Bxb2+
44.Kxb2 Rgd8 45.Rbb6 Rxd6 46.Rxd6 a4 47.Nd2 a3+ 48.Ka2 Bg2 49.Nb3 Rc8 50.Nd4 Be4
51.Ka1 Bxc2 52.Rb6 Be4 53.Rxb4 Bxd5 54.Rb1 Rc3 55.Rd1 Bc4 56.Rg1 Bf7 57.Kb1 Rh3
58.Nc6 Rxh4 59.Ne5 Kg7 60.Rf1 Rh2 61.Ka1 Re2 62.Kb1 g5 63.Rg1 Ba2+ 64.Ka1 Kf6
65.Nd3 gxf4 66.Nxf4 Rh2 67.Rg3 Rh4 68.Ng6 Rg4 69.Rxg4 fxg4 70.Nf4 Kg5 71.Ne2 Bc4
72.Ng3 Kf4 73.Nh5+ Kf3 74.Kb1 Bf7 75.Ng7 g3 76.Nf5 Bg6  0-1

[Event "Tilburg"]
[Site "Tilburg"]
[Date "1992.??.??"]
[Round "2"]
[White "Lputian, Smbat G"]
[Black "Wolff, Patrick G"]
[Result "1/2-1/2"]
[WhiteElo "2585"]
[BlackElo "2590"]

1.d4 d5 2.c4 dxc4 3.e3 Nf6 4.Bxc4 e6 5.Nf3 c5 6.Qe2 a6 7.dxc5 Bxc5 8.O-O b5
9.Bd3 Nc6 10.Rd1 Qc7 11.Nbd2 Bb7 12.Nb3 Bd6 13.Bd2 O-O 14.Rac1 Qe7 15.Bc3 e5
16.Ng5 b4 17.Be1 e4 18.Bb1 Bxh2+ 19.Kxh2 Qe5+ 20.Kg1 Qxg5 21.f4 exf3 22.Qxf3 Na5
23.Qg3 Qxg3 24.Bxg3 Nxb3 25.axb3 Bd5 26.Be5 Bxb3 27.Rd4 Rfc8 28.Rxc8+ Rxc8
29.Rxb4 Nd7 30.Bf5 Be6 31.Bxe6 fxe6 32.Bc3 e5 33.Ra4 Rc6 34.Ra5 e4 35.Rg5 g6
36.Rd5 Nf8 37.Rd8 Kf7 38.Bb4 Ne6 39.Rd7+ Kg8 40.Bc3 h5 41.Kh2 Kf8 42.Kh3 Ke8
43.Rd5 Ke7 44.Kh4 Kf7 45.Rd7+ Ke8 46.Rb7 Rd6 47.Rb4 Rd3 48.Rxe4 Kd7 49.Kg3 Rd5
50.Rb4 Kc7 51.Ra4 Nc5 52.Rc4 Kd7 53.e4 Rg5+ 54.Kf3 Ne6 55.Ra4 Rg4 56.Bd2 Nc5
57.Rd4+ Kc6 58.Be3 Ne6 59.Rd5 Kc7 60.Re5 Kd7 61.Ra5 Nd8 62.Rd5+ Ke8 63.g3 Nc6
64.Bd2 Ke7 65.Bf4 a5 66.Bc7 a4 67.Bf4 Ke8 68.Rd6 Na5  1/2-1/2

[Event "Tilburg"]
[Site "Tilburg"]
[Date "1992.??.??"]
[Round "2"]
[White "Ligterink, Gert"]
[Black "Stohl, Igor"]
[Result "1-0"]
[WhiteElo "2430"]
[BlackElo "2560"]

1.Nc3 c5 2.Nf3 d6 3.d4 cxd4 4.Nxd4 Nf6 5.g3 Nc6 6.Bg2 Bd7 7.Bg5 e6 8.Ndb5 d5
9.e4 a6 10.Bxf6 gxf6 11.exd5 axb5 12.dxc6 bxc6 13.O-O Be7 14.Qd4 c5 15.Qe3 Rc8
16.Rad1 Qc7 17.Rfe1 Bc6 18.Bxc6+ Qxc6 19.Qh6 f5 20.Qg7 Rf8 21.Qxh7 b4 22.Ne2 Ra8
23.Nf4 Rxa2 24.Nh5 Bd6 25.Ng7+ Kd8 26.Nxe6+  1-0

[Event "Tilburg"]
[Site "Tilburg"]
[Date "1992.??.??"]
[Round "2"]
[White "Kosten, Anthony C"]
[Black "Blees, Albert"]
[Result "1/2-1/2"]
[WhiteElo "2515"]
[BlackElo "2415"]

1.c4 Nf6 2.Nc3 g6 3.g3 Bg7 4.Bg2 d6 5.e4 e5 6.Nge2 h5 7.h4 O-O 8.d3 c6 9.O-O Na6
10.Rb1 Bg4 11.f3 Be6 12.Bg5 Qb6+ 13.Kh2 Nh7 14.Na4 Qc7 15.Be3 f5 16.Bh3 Qd7
17.Nac3 Rf7 18.Ng1 Nc7 19.exf5 Bxf5 20.Ne4 d5 21.Nc5 Qe7 22.Nxb7 dxc4 23.Bxf5 gxf5
24.dxc4 f4 25.gxf4 Ne6 26.Nd6 Rxf4 27.Nh3 Qxh4 28.Qe1 Nhg5 29.Qg3 Raf8 30.Bxf4 Rxf4
31.Ne4 Nxh3 32.Qxh4 Rxh4 33.Kg3 Rxe4 34.fxe4 Nhg5 35.Rbe1 Kh7 36.b4 Nd4 37.Rf2 Kg6
38.a4 Nge6 39.b5 Bf6 40.Rb2 Bd8 41.bxc6 Nxc6 42.Rb5 Kg5 43.Rd1 h4+ 44.Kh2 Kf4
45.Rd6 Ncd4 46.Rb7 a5 47.c5 Nf3+ 48.Kh1 Nxc5 49.Rf7+ Kg3 50.Rxd8 Nxe4 51.Rg8+ Kf2
52.Rg2+ Ke3 53.Rb2 Nf2+ 54.Kg2 h3+ 55.Kg3 Nh1+ 56.Kg4 e4 57.Rb3+ Ke2 58.Rb2+ Ke3
59.Rb3+ Ke2 60.Rb2+  1/2-1/2

[Event "Tilburg"]
[Site "Tilburg"]
[Date "1992.??.??"]
[Round "2"]
[White "Knoppert, Erik G J"]
[Black "Gulko, Boris F"]
[Result "0-1"]
[WhiteElo "2370"]
[BlackElo "2610"]

1.e4 c5 2.Ne2 Nc6 3.d4 cxd4 4.Nxd4 Nf6 5.Nc3 d6 6.Bc4 Qb6 7.Nb3 e6 8.Qe2 a6
9.Be3 Qc7 10.O-O-O b5 11.Bd3 Be7 12.g4 Nd7 13.f4 Nc5 14.Nxc5 dxc5 15.e5 Bb7
16.Qf2 Nb4 17.Rhe1 O-O 18.g5 Nxd3+ 19.Rxd3 Rad8 20.Red1 Rxd3 21.Rxd3 b4 22.Na4 c4
23.Rd1 Bc6 24.Nc5 Qa5 25.Kb1 Rd8 26.Rxd8+ Qxd8 27.Kc1 c3 28.Nb3 Qd5 29.Qe1 a5
30.bxc3 a4 31.cxb4 axb3 32.axb3 Qe4 33.Bd2 Qd4 34.c3 Qd5 35.Kb2 h6 36.gxh6 gxh6
37.Qe3 Qh1 38.Qg3+ Kh7 39.Bc1 Be4 40.Qf2 Bg6 41.Qe2 Kg7 42.b5 Ba3+ 43.Kxa3 Qxc1+
44.Kb4 Qxf4+ 45.c4 Be4 46.Qb2 Qe3 47.c5 Bd3 48.Qc3 Qe4+ 49.Ka5 Qa8+ 50.Kb4 Qe4+
51.Ka5 Qe2 52.b6 Ba6 53.Qb4 Bb7 54.Qc3 Bc6 55.Kb4 Qxh2 56.Qd4 h5  0-1

[Event "Tilburg"]
[Site "Tilburg"]
[Date "1992.??.??"]
[Round "2"]
[White "Kengis, Edvins"]
[Black "Gelfand, Boris"]
[Result "1/2-1/2"]
[WhiteElo "2590"]
[BlackElo "2685"]

1.e4 c5 2.Nf3 d6 3.d4 cxd4 4.Nxd4 Nf6 5.Nc3 a6 6.Bg5 e6 7.f4 Nbd7 8.Qf3 Qc7
9.O-O-O b5 10.Bd3 Bb7 11.Rhe1 O-O-O 12.Qg3 b4 13.Nb1 Be7 14.Nd2 h6 15.Bxf6 Bxf6
16.Qe3 e5 17.N4f3 exf4 18.Qxf4 Nc5 19.Kb1 Kb8 20.Nb3 Rhe8 21.Nxc5 Qxc5 22.g4 Re7
23.h4 a5 24.g5 hxg5 25.hxg5 Be5 26.Nxe5  1/2-1/2

[Event "Tilburg"]
[Site "Tilburg"]
[Date "1992.??.??"]
[Round "2"]
[White "Vogt, Lothar"]
[Black "Spasov, Vasil"]
[Result "0-1"]
[WhiteElo "2530"]
[BlackElo "2535"]

1.d4 Nf6 2.g3 g6 3.Bg2 Bg7 4.e4 d6 5.Nc3 O-O 6.Nge2 e5 7.dxe5 dxe5 8.Bg5 Qxd1+
9.Rxd1 Na6 10.O-O c6 11.f3 Re8 12.Nc1 Nd7 13.Rf2 Ndc5 14.Be3 Bf8 15.Bf1 Nc7
16.Rfd2 a5 17.Nb3 N7e6 18.Nxc5 Nxc5 19.a4 Be6 20.Kf2 Be7 21.b3 Na6 22.Na2 h5
23.Bb6 Bc5+ 24.Bxc5 Nxc5 25.Nc3 Kf8 26.Nb1 g5 27.Na3 g4 28.Be2 Ke7 29.Ke3 gxf3
30.Bxf3 Rh8 31.Be2 Rag8 32.Bc4 Rg4 33.Bxe6 Kxe6 34.Nc4 h4 35.Kf3 Rxe4 36.Nxa5 hxg3
37.hxg3 Rh5 38.Nc4 Rf5+ 39.Kg2 Rg5 40.Rh1 Reg4 41.Rh3 Ne4 42.Rd3 f5 43.Rh6+ Rg6
44.Rxg6+ Rxg6 45.Re3 Rg7 46.Nb2 Nf6 47.Nd3 Ng4 48.Re2 Rh7 49.Kg1 Kf6 50.a5 e4
51.Nc5 Ke5 52.Rd2 Rh3 53.Nxb7 Rxg3+ 54.Rg2 Re3 55.Kf1 Rh3 56.Ke2 Ne3 57.Rg8 Rh2+
58.Ke1 Nxc2+ 59.Kd1 Nb4 60.Nc5 Ra2 61.Na4 e3 62.Re8+ Kf4 63.Nc3 Rd2+ 64.Ke1 Nd3+
65.Kf1 Rf2+ 66.Kg1  0-1

[Event "Tilburg"]
[Site "Tilburg"]
[Date "1992.??.??"]
[Round "2"]
[White "Portisch, Lajos"]
[Black "Vaganian, Rafael A"]
[Result "0-1"]
[WhiteElo "2595"]
[BlackElo "2615"]

1.c4 e6 2.Nc3 d5 3.d4 Nf6 4.Nf3 Be7 5.Bg5 O-O 6.e3 h6 7.Bh4 b6 8.Rc1 Bb7
9.Be2 dxc4 10.Bxc4 Nbd7 11.O-O a6 12.a4 Ne4 13.Nxe4 Bxe4 14.Bg3 Bd6 15.Bxd6 cxd6
16.d5 Bxf3 17.Qxf3 e5 18.b4 a5 19.Bb5 axb4 20.Rb1 f5 21.Rxb4 e4 22.Qd1 Nc5
23.Bc6 Nd3 24.Rb1 Ra7 25.f4 g5 26.Bb5 Nc5 27.Qd4 Qf6 28.Qxf6 Rxf6 29.Rb4 Rf8
30.h3 Kg7 31.Kh2 gxf4 32.Rxf4 Kf6 33.Rb1 Ke5 34.Bc6 Rg7 35.g3 Nd3 36.Rh4 Kf6
37.Rf1 Nb4 38.Rhf4 Nc2 39.Rb1 Rfg8 40.Rxb6 Rxg3 41.Rf2 Ne1 42.Rb1 Nf3+  0-1

[Event "Tilburg"]
[Site "Tilburg"]
[Date "1992.??.??"]
[Round "2"]
[White "Kurajica, Bojan"]
[Black "Nijboer, Friso"]
[Result "1/2-1/2"]
[WhiteElo "2590"]
[BlackElo "2485"]

1.d4 g6 2.Nf3 d6 3.b4 Bg7 4.Bb2 c5 5.c3 Nf6 6.e3 O-O 7.Nbd2 Nbd7 8.bxc5 dxc5
9.Bc4 b6 10.O-O Bb7 11.Qb3 e6 12.a4 Ne8 13.Ba3 Nd6 14.Bd3 Qc7 15.e4 Rfc8
16.Qd1 e5 17.Rc1 Re8 18.Re1 Bh6 19.Qc2 Re7 20.Bb2 f6 21.dxe5 Nxe5 22.Nxe5 fxe5
23.Rcd1 Rd8 24.Nc4 Kh8 25.Ne3 Nf7 26.Bc4 Rxd1 27.Qxd1 Bxe3 28.Rxe3 Nd6 29.Bd5 Bxd5
30.Qxd5 Nf7 31.Rd3 c4 32.Rd1 Kg7 33.h4 Re8 34.Qd7 Qxd7 35.Rxd7 a5 36.Rc7 Rd8
37.Rxc4 Rd1+ 38.Kh2 Rd2 39.Bc1 Rxf2 40.Be3 Ra2 41.Bxb6 Nd6 42.Rc7+ Kg8 43.c4 Rxa4
44.c5 Nxe4 45.c6 Rc4 46.Bxa5 Nd6 47.Kg3 Nf5+ 48.Kf2 e4 49.Rc8+ Kf7 50.c7 Ne7
51.Rd8 h5 52.Ke2 Ke6 53.Kd2 Rc6 54.Rb8 Rc4 55.Rf8 Rc6 56.Ra8 Rc4 57.Bb6 Rc6
58.Rb8 Rc4 59.Re8 Kf7 60.Rh8 Ke6 61.Ba5 Rc6 62.g3 Rc4 63.Rf8 Rc6 64.Ke3 Rc4
65.Kf4 Nd5+ 66.Kg5 Nxc7 67.Kxg6 Nd5 68.Kxh5 Rc5 69.Be1 Rc1 70.Bf2 Rf1 71.Bc5 Rxf8
72.Bxf8 e3 73.Bh6 Kf5 74.g4+ Ke4 75.Bxe3 Nxe3 76.Kg5 Ke5 77.h5 Nxg4  1/2-1/2

[Event "Tilburg"]
[Site "Tilburg"]
[Date "1992.??.??"]
[Round "2"]
[White "Illescas Cordoba, Miguel"]
[Black "Hort, Vlastimil"]
[Result "1/2-1/2"]
[WhiteElo "2600"]
[BlackElo "2560"]

1.Nf3 Nf6 2.c4 e6 3.Nc3 d5 4.d4 Be7 5.Bg5 h6 6.Bh4 O-O 7.e3 b6 8.Rc1 Bb7
9.Bxf6 Bxf6 10.cxd5 exd5 11.Bd3 c5 12.O-O cxd4 13.exd4 Nc6 14.Bb1 Re8 15.Qd3 g6
16.Rfe1 Qd6 17.a3 Kg7 18.Re3 Rxe3 19.Qxe3 Rd8 20.Re1 Qe7 21.Qd3 Qc7 22.Nb5 Qb8
23.Qe3 Na5 24.Ne5 Nc4 25.Qg3 a6 26.f4 Bxe5 27.dxe5 axb5 28.f5 Nxe5 29.Rxe5 Re8
30.Rxe8 Qxe8 31.fxg6 fxg6 32.h4 d4 33.Qc7+ Kh8 34.Kh2 Be4 35.Ba2 Bf5 36.Qf4 Qe3
37.Qd6 Kg7 38.Qc7+ Kh8 39.b4 d3 40.Qd6 Kg7 41.Qc7+ Kf6 42.Qd6+ Kg7 43.Qc7+  1/2-1/2

[Event "Tilburg"]
[Site "Tilburg"]
[Date "1992.??.??"]
[Round "2"]
[White "Hort, Vlastimil"]
[Black "Stohl, Igor"]
[Result "1/2-1/2"]
[WhiteElo "2560"]
[BlackElo "2560"]

1.Nf3 Nf6 2.c4 b6 3.d4 e6 4.Bg5 Bb7 5.Nc3 h6 6.Bh4 Be7 7.e3 Ne4 8.Bxe7 Qxe7
9.Rc1 O-O 10.Nxe4 Bxe4 11.Be2 c5 12.O-O d6 13.Nd2 Bb7 14.Bf3 Rd8 15.Qe2 Nc6  1/2-1/2

[Event "Tilburg"]
[Site "Tilburg"]
[Date "1992.??.??"]
[Round "2"]
[White "Hjartarson, Johann"]
[Black "Petursson, Margeir"]
[Result "1/2-1/2"]
[WhiteElo "2595"]
[BlackElo "2565"]

1.e4 c5 2.c3 d5 3.exd5 Qxd5 4.d4 Nf6 5.Nf3 e6 6.Be2 Be7 7.O-O O-O 8.Ne5 cxd4
9.cxd4 Nbd7 10.Nc3 Qa5 11.Nc4 Qc7 12.Qb3 b6 13.Bf3 Bb7 14.Nb5 Qb8 15.Bxb7 Qxb7
16.Bf4 a6 17.Nc3 Rfc8 18.Rfe1 b5 19.Ne3 Nh5 20.Bg3 Nxg3 21.hxg3 Bf8 22.a4 Rab8
23.axb5 axb5 24.Ra5 Qb6 25.Qa2 b4 26.Ne2 b3 27.Qa4 Qb4 28.Rd1 Rb7 29.Qxb4 Bxb4
30.Ra4 h6 31.Rd3 Bf8 32.f3 e5 33.Kf1 exd4 34.Raxd4 Nc5 35.Rd1 Ne6 36.Ra4 g6
37.Nc3 Bg7 38.Ned5 Rd8 39.Rda1 Bxc3 40.Nxc3 Rd2 41.Rb1 Rc2 42.Nd5 Rd2  1/2-1/2

[Event "Tilburg"]
[Site "Tilburg"]
[Date "1992.??.??"]
[Round "2"]
[White "Grooten, Herman"]
[Black "Smyslov, Vassily"]
[Result "1/2-1/2"]
[WhiteElo "2405"]
[BlackElo "2530"]

1.d4 Nf6 2.c4 e6 3.Nf3 Bb4+ 4.Nbd2 c5 5.e3 b6 6.Bd3 Bb7 7.a3 Bxd2+ 8.Bxd2 d6
9.dxc5 dxc5 10.Qc2 Nbd7 11.Bc3 Qe7 12.O-O-O O-O-O 13.Rd2 g6 14.Ne5 Rhe8 15.Qa4 Nxe5
16.Bxe5 a6 17.f3 Nd7 18.Bg3 e5 19.Be4 Bxe4 20.fxe4 Nb8 21.Rd5 Qg5 22.Kd2 h5
23.Rg1 h4 24.Be1 Qg4 25.Qc2 h3 26.Kc1 f5 27.exf5 gxf5 28.Bc3 Rxd5 29.cxd5 Nd7
30.Qf2 Rg8 31.g3 Qe4 32.Rf1 Rg5 33.Qf3 Qxf3 34.Rxf3 Kc7 35.e4 fxe4 36.Rf7 Kd6
37.Kd2 Rg6 38.Ke3 Nf6 39.Rf8 Kxd5 40.Rd8+ Kc4 41.Bxe5 Ng4+ 42.Kxe4 Nxh2 43.Rh8 Ng4
44.Rxh3 Nxe5 45.Kxe5 Kb3 46.Kf5 Rg8 47.Rh6 b5 48.g4 Kxb2 49.Rxa6 Rb8 50.a4 c4
51.axb5 c3 52.Rc6 c2 53.g5 c1=Q 54.Rxc1 Kxc1 55.g6 Rxb5+  1/2-1/2

[Event "Tilburg"]
[Site "Tilburg"]
[Date "1992.??.??"]
[Round "2"]
[White "Georgiev, Kiril"]
[Black "Lobron, Eric"]
[Result "1/2-1/2"]
[WhiteElo "2610"]
[BlackElo "2625"]

1.Nf3 Nf6 2.c4 e6 3.Nc3 Bb4 4.Qc2 c5 5.a3 Bxc3 6.Qxc3 O-O 7.b4 b6 8.g3 Bb7
9.Bg2 d6 10.O-O Nbd7 11.Bb2 Rc8 12.d3 Rc7 13.a4 d5 14.cxd5 exd5 15.a5 d4
16.Qd2 Re8 17.axb6 axb6 18.bxc5 bxc5 19.Rfc1 Ne5 20.Qa5 Bxf3 21.Bxf3 Nxf3+
22.exf3 Rb7 23.Qxd8 Rxd8 24.Ba3 Nd7 25.Bxc5 Ne5 26.Rd1 g5 27.Kg2 Rd5 28.Ra8+ Kg7
29.Bf8+ Kg6 30.f4 gxf4 31.gxf4 Nd7 32.Be7 f6 33.Ba3 Rb3 34.Kf3 Kf5 35.Ra6 Nb6
36.Be7 Rdb5 37.Bd8 Nd5 38.Rd6 Ra3 39.Rd2 h6 40.Rd1 Rc3 41.Kg3 h5 42.Kh4 Rc2
43.Kg3 h4+ 44.Kf3 Rc3 45.Rd2 Rc1 46.h3 Ra1 47.Rb2 Rxb2 48.Rxd5+ Ke6 49.Rxd4 Rf1
50.Kg4 Rg1+ 51.Kf3 Rf1 52.Kg4 Rfxf2 53.Re4+ Kf7 54.Re7+ Kg6 55.Re6 Rg2+ 56.Kxh4 Rb4
57.Rxf6+ Kg7 58.Rf5 Kg6 59.Rg5+ Rxg5 60.Bxg5 Kf5 61.Kg3 Rd4 62.h4 Rxd3+ 63.Kf2 Rh3
64.Ke2 Rxh4 65.Bxh4 Kxf4  1/2-1/2

[Event "Tilburg"]
[Site "Tilburg"]
[Date "1992.??.??"]
[Round "2"]
[White "Gavrikov, Viktor"]
[Black "Chernin, Alexander"]
[Result "1/2-1/2"]
[WhiteElo "2555"]
[BlackElo "2600"]

1.e4 e6 2.d4 d5 3.Nc3 dxe4 4.Nxe4 Bd7 5.Nf3 Bc6 6.Qe2 Nd7 7.Bd2 Ngf6 8.Ng3 a6
9.Ne5 Nxe5 10.dxe5 Nd7 11.O-O-O Qh4 12.f4 O-O-O 13.Ne4 Nxe5 14.Ng5 h6 15.Nxe6 fxe6
16.Qxe5 Bd6 17.Qxe6+ Kb8 18.Qe3 Rhf8 19.Qg3 Qf6 20.Bc4 Bxf4 21.Bxf4 Qxf4+
22.Qxf4 Rxd1+ 23.Rxd1 Rxf4 24.Bd5 Bxd5  1/2-1/2

[Event "Tilburg"]
[Site "Tilburg"]
[Date "1992.??.??"]
[Round "2"]
[White "Chernin, Alexander"]
[Black "Karpov, Anatoly"]
[Result "1/2-1/2"]
[WhiteElo "2600"]
[BlackElo "2715"]

1.d4 Nf6 2.c4 e6 3.Nf3 b6 4.g3 Ba6 5.b3 Bb7 6.Bg2 Bb4+ 7.Bd2 a5 8.O-O O-O
9.Nc3 d5 10.cxd5 Bxc3 11.Bxc3 Bxd5 12.Ne1 Na6 13.f3 c5 14.dxc5 Nxc5 15.Nd3 Bb7
16.Nxc5 bxc5 17.Qxd8  1/2-1/2

[Event "Tilburg"]
[Site "Tilburg"]
[Date "1992.??.??"]
[Round "2"]
[White "Adams, Michael"]
[Black "Kovalev, Andrei"]
[Result "1/2-1/2"]
[WhiteElo "2610"]
[BlackElo "2580"]

1.e4 c5 2.Nc3 a6 3.Nf3 d6 4.d4 cxd4 5.Nxd4 Nc6 6.g3 g6 7.Bg2 Bg7 8.Be3 Ne5
9.O-O Nc4 10.Bc1 Qb6 11.Nd5 Qxd4 12.Nc7+ Kd8 13.Qxd4 Bxd4 14.Nxa8 Nf6 15.c3 Ba7
16.a4  1/2-1/2

[Event "Tilburg"]
[Site "Tilburg"]
[Date "1992.??.??"]
[Round "2"]
[White "Romanishin, Oleg M"]
[Black "Kengis, Edvins"]
[Result "1/2-1/2"]
[WhiteElo "2555"]
[BlackElo "2590"]

1.d4 Nf6 2.Nf3 g6 3.g3 Bg7 4.Bg2 O-O 5.c4 d6 6.O-O Nc6 7.Nc3 a6 8.b3 Bd7
9.Bb2 Rb8 10.Rc1 b5 11.Nd5 Nxd5 12.cxd5 Nb4 13.Ne1 Nxa2 14.Ra1 Nb4 15.Qd2 c5
16.dxc6 Nxc6 17.Rxa6 Rb6 18.Ra2 b4 19.Nc2 e6 20.d5 Bxb2 21.Rxb2 exd5 22.Bxd5 Qf6
23.Ne3 Nd4 24.Ra2 Bh3 25.Rd1 Nf5 26.Nc4 Rb5 27.Rc2 Ne7 28.Bf3 d5 29.Ne3 Be6
30.Rc7 Ra8 31.h4 h5 32.Nc2 Nf5 33.Qd3 Raa5 34.Ra7 Qc3 35.Rxa5 Rxa5 36.e4 dxe4
37.Bxe4 Rc5 38.Qd8+ Kg7 39.Nd4 Nxd4 40.Qxd4+ Qxd4 41.Rxd4 Bxb3 42.Rxb4  1/2-1/2